[Event "Prague Golden Blitz op 17th"]
[Site "Prague"]
[Date "2022.07.16"]
[Round "3"]
[White "Baran, Peter"]
[Black "Tochacek, Michal"]
[Result "1-0"]
[WhiteElo "2059"]
[BlackElo "1859"]
[PlyCount "41"]
[EventDate "2022.07.16"]
[EventType "swiss (blitz)"]
[EventRounds "11"]
[EventCountry "CZE"]
[SourceTitle "CBM 209 Extra"]
[Source "ChessBase"]
[SourceDate "2022.09.30"]
[SourceVersion "1"]
[SourceVersionDate "2022.09.30"]
[SourceQuality "1"]

1. e4 d5 2. exd5 Qxd5 3. d4 Nc6 4. Nf3 Bg4 5. Be2 e6 6. 0-0 Nf6 7. c4 Qd8 8. Nc3 Be7 9. d5 exd5 10. cxd5 Nb4 11. Qa4+ Bd7 12. Qb3 c6 13. dxc6 Bxc6 14. a3 Nbd5 15. Rd1 Qb6 16. Qc2 Nxc3 17. Qxc3 Rc8 18. Be3 Qc7 19. Rac1 0-0 20. h3 b6 21. Ne5 1-0

[Event "Prague Golden Blitz op 17th"]
[Site "Prague"]
[Date "2022.07.16"]
[Round "11"]
[White "Tochacek, Michal"]
[Black "Korniichuk, Oleksandra"]
[Result "1/2-1/2"]
[WhiteElo "1859"]
[BlackElo "1783"]
[PlyCount "97"]
[EventDate "2022.07.16"]
[EventType "swiss (blitz)"]
[EventRounds "11"]
[EventCountry "CZE"]
[SourceTitle "CBM 209 Extra"]
[Source "ChessBase"]
[SourceDate "2022.09.30"]
[SourceVersion "1"]
[SourceVersionDate "2022.09.30"]
[SourceQuality "1"]

1. e4 c5 2. Nf3 e6 3. d4 cxd4 4. Nxd4 a6 5. c3 Qc7 6. g3 b5 7. Bg2 Bb7 8. 0-0 Bc5 9. Be3 Ne7 10. Nd2 Nbc6 11. N2b3 Bb6 12. Nxc6 Nxc6 13. Bxb6 Qxb6 14. Qd6 Rc8 15. Rad1 Qc7 16. Nc5 Qxd6 17. Rxd6 Rc7 18. Nxb7 Rxb7 19. e5 Rc7 20. f4 Ke7 21. Rfd1 f6 22. Bxc6 dxc6 23. exf6+ gxf6 24. Kf2 Re8 25. b4 a5 26. g4 Ra8 27. R6d2 axb4 28. cxb4 Ra4 29. Rb1 Ra3 30. Re2 h6 31. Rbe1 Kf7 32. Rxe6 Rxa2+ 33. R6e2 Rxe2+ 34. Rxe2 c5 35. bxc5 Rxc5 36. Kf3 Rc4 37. Ra2 b4 38. f5 b3 39. Ra7+ Kf8 40. Rb7 Rc3+ 41. Ke4 Rc4+ 42. Kd5 Rc3 43. Ke6 Rc6+ 44. Kd5 Rc3 45. Ke6 Rc6+ 46. Kd5 Rc4 47. Ke6 Rxg4 48. Kxf6 Re4 49. Rxb3 1/2-1/2

[Event "Prague Golden Rapid op 17th"]
[Site "Prague"]
[Date "2022.07.09"]
[Round "4"]
[White "Tochacek, Michal"]
[Black "Marko, Ondrej1111"]
[Result "1-0"]
[WhiteElo "1893"]
[BlackElo "1477"]
[PlyCount "37"]
[EventDate "2022.07.09"]
[EventType "swiss (rapid)"]
[EventRounds "7"]
[EventCountry "CZE"]
[SourceTitle "CBM 209 Extra"]
[Source "ChessBase"]
[SourceDate "2022.09.30"]
[SourceVersion "1"]
[SourceVersionDate "2022.09.30"]
[SourceQuality "1"]

1. g3 d5 2. Bg2 e5 3. c4 dxc4 4. Qa4+ c6 5. Qxc4 Nf6 6. d3 Be7 7. Nf3 Be6 8. Qc2 Qc7 9. 0-0 0-0 10. Nc3 Na6 11. a3 h6 12. b4 Rac8 13. Bb2 Nd7 14. Rac1 f6 15. d4 Bf7 16. Bh3 Bd6 17. Rfd1 Qb8 18. Bxd7 Rc7 19. Ra1 1-0

[Event "CZE-chT2A 1617"]
[Site "Czech Republic"]
[Date "2017.02.12"]
[Round "8.7"]
[White "Parizek, Vojtech"]
[Black "Tochacek, Michal"]
[Result "0-1"]
[WhiteElo "2144"]
[BlackElo "2077"]
[PlyCount "104"]
[EventDate "2016.10.09"]
[EventType "team-tourn"]
[EventRounds "11"]
[EventCountry "CZE"]
[SourceTitle "EXT 2022"]
[Source "ChessBase"]
[SourceDate "2021.10.06"]
[SourceVersion "1"]
[SourceVersionDate "2021.10.06"]
[SourceQuality "1"]
[WhiteTeam "Praha Kobylisy"]
[BlackTeam "Praha Dopravni podnik"]
[WhiteTeamCountry "CZE"]
[BlackTeamCountry "CZE"]

1. e4 c5 2. Nf3 d6 3. d4 cxd4 4. Nxd4 Nf6 5. Nc3 a6 6. Be3 Ng4 7. Bg5 h6 8. Bh4 g5 9. Bg3 Bg7 10. Qd2 Nc6 11. Nb3 Be6 12. h4 gxh4 13. Rxh4 h5 14. 0-0-0 Bxb3 15. axb3 Qa5 16. Na4 Qxd2+ 17. Kxd2 Bf6 18. Rh3 h4 19. Nb6 Rd8 20. Nd5 Bd4 21. Bxh4 Nxf2 22. Bxf2 Rxh3 23. Bxd4 Rh4 24. Bb6 Rc8 25. Ke3 Ne5 26. c3 e6 27. Nb4 Ke7 28. Be2 Nd7 29. g3 Rh2 30. Ba5 Rc5 31. Ra1 b6 32. Bxb6 Nxb6 33. Rxa6 Nc8 34. Nc6+ Kf6 35. b4 Rg5 36. g4 Ne7 37. Nxe7 Kxe7 38. Ra7+ Kf6 39. Ra8 Re5 40. b5 d5 41. Ra4 Ke7 42. Rd4 Rxe4+ 43. Rxe4 dxe4 44. b4 f5 45. gxf5 exf5 46. Bf1 Kd6 47. b6 Ke5 48. Be2 f4+ 49. Kd2 Kd6 50. Ke1 f3 51. Bd1 Kc6 52. Bc2 Rxc2 0-1

[Event "CZE-chT2A 1415"]
[Site "Czech Republic"]
[Date "2015.02.22"]
[Round "8.6"]
[White "Markovic, Milan2222"]
[Black "Tochacek, Michal"]
[Result "1-0"]
[WhiteElo "2132"]
[BlackElo "2054"]
[PlyCount "101"]
[EventDate "2014.11.02"]
[EventType "team-tourn"]
[EventRounds "11"]
[EventCountry "CZE"]
[SourceTitle "EXT 2022"]
[Source "ChessBase"]
[SourceDate "2021.10.06"]
[SourceVersion "1"]
[SourceVersionDate "2021.10.06"]
[SourceQuality "1"]
[WhiteTeam "Praha Vrsovice"]
[BlackTeam "Praha Dopravni podnik"]
[WhiteTeamCountry "CZE"]
[BlackTeamCountry "CZE"]

1. e4 c5 2. Nf3 d6 3. d4 cxd4 4. Nxd4 Nf6 5. Nc3 a6 6. Bg5 e6 7. f4 Qc7 8. Qf3 Nc6 9. Bxf6 gxf6 10. 0-0-0 Nxd4 11. Rxd4 b5 12. Kb1 Bb7 13. f5 Qc5 14. Rd1 Qe5 15. Bd3 Be7 16. Qe3 0-0-0 17. Rhe1 h5 18. Qh3 Rd7 19. a4 bxa4 20. Nxa4 Qa5 21. fxe6 fxe6 22. b3 Bc6 23. Nb2 e5 24. Bc4 Kb8 25. Bd5 Bb5 26. c4 Rc7 27. cxb5 axb5 28. b4 Qxb4 29. Qb3 Qxb3 30. Bxb3 Rf8 31. Rd5 Rc5 32. Nd3 Rxd5 33. Bxd5 f5 34. Nb4 Bg5 35. Rf1 f4 36. Rf3 h4 37. Kb2 Bd8 38. Kb3 Bb6 39. g3 hxg3 40. hxg3 Be3 41. Bc6 Rg8 42. gxf4 exf4 43. Bxb5 Rg3 44. Rxg3 fxg3 45. Bf1 Bf4 46. Kc4 Kc8 47. Kd5 Kd7 48. Nc6 Bg5 49. Bh3+ Kc7 50. Nd4 Be7 51. Nb5+ 1-0

[Event "CZE-chT2A 1415"]
[Site "Czech Republic"]
[Date "2014.12.14"]
[Round "4.6"]
[White "Tochacek, Michal"]
[Black "Kracik, Dobroslav"]
[Result "1-0"]
[WhiteElo "2054"]
[BlackElo "2014"]
[PlyCount "105"]
[EventDate "2014.11.02"]
[EventType "team-tourn"]
[EventRounds "11"]
[EventCountry "CZE"]
[SourceTitle "EXT 2022"]
[Source "ChessBase"]
[SourceDate "2021.10.06"]
[SourceVersion "1"]
[SourceVersionDate "2021.10.06"]
[SourceQuality "1"]
[WhiteTeam "Praha Dopravni podnik"]
[BlackTeam "Line"]
[WhiteTeamCountry "CZE"]
[BlackTeamCountry "CZE"]

1. e4 c5 2. Nf3 d6 3. d4 cxd4 4. Nxd4 Nf6 5. Nc3 a6 6. Be2 e5 7. Nb3 Be6 8. 0-0 Nc6 9. Bg5 Be7 10. Qd2 b5 11. Bxf6 Bxf6 12. Rfd1 Nd4 13. Nxd4 exd4 14. Nd5 Bxd5 15. exd5 Qb6 16. Bd3 0-0 17. Qf4 Qd8 18. g3 Be5 19. Qg4 g6 20. f4 f5 21. Qf3 Bg7 22. Re1 Re8 23. Rxe8+ Qxe8 24. Kf1 Qf7 25. a4 b4 26. Re1 Re8 27. Bxa6 Rxe1+ 28. Kxe1 Qe8+ 29. Qe2 Qe3 30. Qxe3 dxe3 31. b3 Bd4 32. Ke2 Kf8 33. Kd3 Bc5 34. Bc8 Ke7 35. g4 fxg4 36. Bxg4 Kd8 37. c3 bxc3 38. Kxc3 e2 39. Bxe2 Bg1 40. h3 Bh2 41. f5 gxf5 42. Bd3 h6 43. Bxf5 Kc7 44. a5 Bg3 45. Kc4 Be1 46. Kb5 Kb7 47. b4 h5 48. Ka4 h4 49. b5 Bf2 50. b6 Be3 51. Kb5 Bc5 52. Bd7 Kb8 53. Bc6 1-0

[Event "CZE-chT1W 1314"]
[Site "Czech Republic"]
[Date "2013.11.10"]
[Round "2.8"]
[White "Urban, Zdenek"]
[Black "Tochacek, Michal"]
[Result "1-0"]
[WhiteElo "2138"]
[BlackElo "2069"]
[PlyCount "123"]
[EventDate "2013.10.20"]
[EventType "team-tourn"]
[EventRounds "11"]
[EventCountry "CZE"]
[SourceTitle "EXT 2015"]
[Source "ChessBase"]
[SourceDate "2014.11.20"]
[SourceVersion "1"]
[SourceVersionDate "2014.11.20"]
[SourceQuality "1"]
[WhiteTeam "Jicin"]
[BlackTeam "Praha Holdia II"]
[WhiteTeamCountry "CZE"]
[BlackTeamCountry "CZE"]

1. Nf3 Nf6 2. c4 g6 3. g3 Bg7 4. Bg2 0-0 5. 0-0 c6 6. d3 d5 7. Nbd2 Bg4 8. h3 Bxf3 9. Nxf3 dxc4 10. dxc4 Nbd7 11. Qc2 Qc7 12. Be3 Rac8 13. Rac1 a6 14. a4 Nh5 15. b4 e5 16. Rfd1 Rfe8 17. Qb3 Nf8 18. a5 Ne6 19. Bb6 Qe7 20. e3 c5 21. Qa4 e4 22. Rd7 Qf6 23. Nd2 cxb4 24. Qxb4 Ng5 25. Bd4 Qe6 26. Qxb7 Bxd4 27. Rxd4 Nxh3+ 28. Bxh3 Qxh3 29. Nxe4 Rb8 30. Qxf7+ Kxf7 31. Ng5+ Kg7 32. Nxh3 Nxg3 33. Rd7+ Kh6 34. fxg3 Rxe3 35. Kf2 Ra3 36. Nf4 Rb2+ 37. Ne2 Rxa5 38. Rh1+ Kg5 39. Rd5+ Rxd5 40. cxd5 Rd2 41. Rxh7 Rxd5 42. Rh4 Rf5+ 43. Ke3 Ra5 44. Rc4 Ra3+ 45. Rc3 Rxc3+ 46. Nxc3 Kg4 47. Kf2 a5 48. Kg2 Kf5 49. Kf3 Ke5 50. Ke3 Kf5 51. Na4 Kg4 52. Kf2 Kf5 53. Kf3 Ke5 54. g4 g5 55. Ke3 Kd5 56. Nc3+ Ke5 57. Ne4 a4 58. Nxg5 a3 59. Nf3+ Kd5 60. Ne1 a2 61. Nc2 Ke5 62. Na1 1-0

[Event "Prague Golden op"]
[Site "Prague"]
[Date "2010.07.??"]
[Round "1"]
[White "Tochacek, Michal"]
[Black "Plicka, Petr"]
[Result "1-0"]
[WhiteElo "2080"]
[BlackElo "1865"]
[PlyCount "57"]
[EventDate "2010.07.??"]
[EventType "swiss"]
[EventRounds "9"]
[EventCountry "CZE"]
[SourceTitle "EXT 2012"]
[Source "ChessBase"]
[SourceDate "2011.11.24"]
[SourceVersion "1"]
[SourceVersionDate "2011.11.24"]
[SourceQuality "1"]

1. d4 Nf6 2. c4 e6 3. Nf3 Be7 4. Nc3 d5 5. Bg5 Nbd7 6. e3 h6 7. Bh4 c5 8. dxc5 g5 9. Bg3 Nxc5 10. cxd5 exd5 11. Bb5+ Kf8 12. 0-0 Be6 13. Be5 Ncd7 14. Bxd7 Qxd7 15. Qd4 Qd8 16. Nb5 Rg8 17. Nc7 Rc8 18. Nxe6+ fxe6 19. Qxa7 Nd7 20. Nd4 Rg6 21. f4 Nc5 22. f5 Ra8 23. fxg6+ Kg8 24. Qxa8 Qxa8 25. Rf7 Nd3 26. Rg7+ Kf8 27. Rf1+ Nf4 28. exf4 Qa7 29. fxg5+ 1-0

[Event "Prague Golden op"]
[Site "Prague"]
[Date "2010.07.??"]
[Round "3"]
[White "Tochacek, Michal"]
[Black "Silhan, Petr"]
[Result "0-1"]
[WhiteElo "2080"]
[BlackElo "1990"]
[PlyCount "84"]
[EventDate "2010.07.??"]
[EventType "swiss"]
[EventRounds "9"]
[EventCountry "CZE"]
[SourceTitle "EXT 2012"]
[Source "ChessBase"]
[SourceDate "2011.11.24"]
[SourceVersion "1"]
[SourceVersionDate "2011.11.24"]
[SourceQuality "1"]

1. d4 d5 2. c4 c6 3. Nf3 Nf6 4. Nc3 e6 5. e3 Nbd7 6. Bd3 dxc4 7. Bxc4 b5 8. Be2 Bb7 9. 0-0 a6 10. a3 c5 11. dxc5 Bxc5 12. b4 Ba7 13. Bb2 0-0 14. a4 bxa4 15. Rxa4 Qb6 16. Qa1 Bb8 17. Nb1 e5 18. Nxe5 Nxe5 19. Bxe5 Bxe5 20. Qxe5 Qc6 21. Bf3 Qxa4 22. Bxb7 Rab8 23. Nc3 Qa3 24. Qc7 Rxb7 25. Qxb7 Qxc3 26. Qxa6 Qxb4 27. h3 h6 28. Rd1 Qb3 29. Rd4 Qb1+ 30. Kh2 Qb8+ 31. g3 Rc8 32. Qa5 Qa8 33. Qf5 Re8 34. Rc4 Ne4 35. Rc7 Ng5 36. h4 Nf3+ 37. Kh3 Ne5 38. e4 Qd8 39. Rc5 g6 40. Qxe5 Rxe5 41. Rxe5 Qd6 42. Rd5 Qe6+ 0-1

[Event "Prague Golden op"]
[Site "Prague"]
[Date "2010.07.??"]
[Round "5"]
[White "Tochacek, Michal"]
[Black "Stepanek, Svatopluk"]
[Result "0-1"]
[WhiteElo "2080"]
[BlackElo "1870"]
[PlyCount "100"]
[EventDate "2010.07.??"]
[EventType "swiss"]
[EventRounds "9"]
[EventCountry "CZE"]
[SourceTitle "EXT 2012"]
[Source "ChessBase"]
[SourceDate "2011.11.24"]
[SourceVersion "1"]
[SourceVersionDate "2011.11.24"]
[SourceQuality "1"]

1. d4 d5 2. c4 e6 3. Nf3 Nf6 4. Nc3 Be7 5. e3 0-0 6. Bd3 c5 7. cxd5 Nxd5 8. 0-0 Nf6 9. a3 Nc6 10. dxc5 Bxc5 11. b4 Bd6 12. Bb2 Ne5 13. Nxe5 Bxe5 14. Qe2 b6 15. Rad1 Qd7 16. f4 Bxc3 17. Bxc3 Bb7 18. b5 Nd5 19. Bd2 f5 20. e4 fxe4 21. Qxe4 Nf6 22. Qe2 Qf7 23. Bb4 Rfe8 24. Rc1 Rac8 25. Bd6 Bd5 26. h3 Nd7 27. Bb1 Qf6 28. Qd3 g6 29. Qd2 Nc5 30. Bxc5 bxc5 31. Qe3 Qe7 32. Be4 Qb7 33. Rfe1 Qxb5 34. Qc3 c4 35. Qf6 Qb6+ 36. Kh1 Qd8 37. Qe5 Qd7 38. Qg5 Qf7 39. Rcd1 c3 40. Bxd5 exd5 41. Rxe8+ Rxe8 42. Rxd5 c2 43. Rc5 Re1+ 44. Kh2 c1Q 45. Qd8+ Kg7 46. Qd4+ Kh6 47. Rxc1 Rxc1 48. g4 Qc4 49. Qe5 Qc2+ 50. Kg3 Qc3+ 0-1